[Event "Titled Tuesday intern op 7th Mar Late"]
[Site "Chess.com INT"]
[Date "2023.03.07"]
[Round "3"]
[White "Janaszak, Dawid"]
[Black "Abrosimov, Vladimir"]
[Result "1-0"]
[WhiteElo "2322"]
[BlackElo "2341"]
[PlyCount "61"]
[EventDate "2023.03.07"]
[EventType "swiss (blitz)"]
[EventRounds "11"]
[EventCountry "USA"]
[SourceTitle "EXT 2024"]
[Source "ChessBase"]
[SourceDate "2023.10.10"]
[SourceVersion "1"]
[SourceVersionDate "2023.10.10"]
[SourceQuality "1"]

1. e4 c5 2. b4 cxb4 3. Bb2 e6 4. Nf3 Nc6 5. d4 d5 6. exd5 Qxd5 7. c4 bxc3 8. Nxc3 Bb4 9. Bd3 Nf6 10. 0-0 Qd8 11. d5 Bxc3 12. Bxc3 Qxd5 13. Qe2 0-0 14. Ne5 Nxe5 15. Bxe5 Bd7 16. Rad1 Qa5 17. Qb2 Ne8 18. Rfe1 Bc6 19. Re3 f6 20. Bc3 Qb6 21. Qc2 g6 22. Rg3 f5 23. Rb1 Qc7 24. Ba1 Bd5 25. Qb2 Qg7 26. Qa3 Qf7 27. h4 Nf6 28. Qb2 Rae8 29. h5 e5 30. hxg6 hxg6 31. Bxf5 1-0

[Event "Titled Tuesday intern op 7th Mar Early"]
[Site "Chess.com INT"]
[Date "2023.03.07"]
[Round "1"]
[White "Perez Gormaz, Matias Ariel"]
[Black "Abrosimov, Vladimir"]
[Result "1-0"]
[WhiteElo "2421"]
[BlackElo "2341"]
[PlyCount "119"]
[EventDate "2023.03.07"]
[EventType "swiss (blitz)"]
[EventRounds "11"]
[EventCountry "USA"]
[SourceTitle "EXT 2024"]
[Source "ChessBase"]
[SourceDate "2023.10.10"]
[SourceVersion "1"]
[SourceVersionDate "2023.10.10"]
[SourceQuality "1"]

1. Nf3 d5 2. b3 Nf6 3. Bb2 Bf5 4. g3 e6 5. Bg2 c6 6. 0-0 h6 7. d3 Be7 8. Nbd2 0-0 9. c4 Nbd7 10. a3 Nb6 11. b4 a5 12. Qb3 a4 13. Qa2 Nbd7 14. Rac1 Rc8 15. Qb1 Nb6 16. Qa1 Qd7 17. Bd4 Na8 18. Rfd1 c5 19. bxc5 Bxc5 20. Bxf6 gxf6 21. Qxf6 Bxa3 22. Rb1 Kh7 23. cxd5 exd5 24. Ne5 Qe7 25. Qxf5+ Kg7 26. Ndf3 Bd6 27. Qg4+ Kh7 28. Bh3 f5 29. Qg6+ Kh8 30. Qxh6+ Kg8 31. Ng6 Qf6 32. Rxb7 Rc7 33. Rxc7 Bxc7 34. Qxf8+ Qxf8 35. Nxf8 Kxf8 36. Bxf5 a3 37. Be6 Nb6 38. e4 Ke7 39. Bxd5 Kd6 40. Bb3 Kc5 41. Rc1+ Kb4 42. Rxc7 Kxb3 43. Nd2+ Kb4 44. Rc1 Na4 45. Ra1 Nb2 46. h4 Nxd3 47. h5 Ne5 48. h6 Nf7 49. h7 Nh8 50. g4 Ng6 51. g5 Nh8 52. f4 Ng6 53. f5 Nh8 54. g6 Kc3 55. Rxa3+ Kd4 56. g7 Nf7 57. h8Q Ne5 58. g8Q Kc5 59. Qxe5+ Kb4 60. Qb3# 1-0

[Event "Pervomaisky Autumn"]
[Site "Pervomaisky"]
[Date "2016.10.05"]
[Round "8"]
[White "Abrosimov, Vladimir"]
[Black "Zaitsev, Alexander"]
[Result "1/2-1/2"]
[WhiteElo "2322"]
[BlackElo "2504"]
[PlyCount "92"]
[EventDate "2016.09.30"]
[EventType "tourn"]
[EventRounds "13"]
[EventCountry "RUS"]
[EventCategory "3"]
[SourceTitle "EXT 2017"]
[Source "ChessBase"]
[SourceDate "2016.10.25"]
[SourceVersion "1"]
[SourceVersionDate "2016.10.25"]
[SourceQuality "1"]

1. e4 e5 2. Nf3 Nc6 3. Bb5 a6 4. Ba4 Nf6 5. 0-0 Be7 6. Re1 b5 7. Bb3 d6 8. c3 0-0 9. h3 Na5 10. Bc2 c5 11. d4 Qc7 12. Nbd2 cxd4 13. cxd4 Nc6 14. Nb3 a5 15. Be3 a4 16. Nbd2 Bd7 17. Rc1 Qb7 18. Qe2 Rfe8 19. Bd3 Rab8 20. dxe5 Nxe5 21. Nxe5 dxe5 22. Bc5 Bxc5 23. Rxc5 Rbc8 24. Rec1 Rxc5 25. Rxc5 Qb6 26. Qe3 Qb8 27. Nf3 h6 28. Qe2 b4 29. Bb5 Qb6 30. Bxd7 Qxc5 31. Bxe8 Nxe8 32. g3 Nd6 33. Kg2 g6 34. Qd3 Kf8 35. Qa6 Ke7 36. Qa8 a3 37. bxa3 bxa3 38. Qa4 Ke6 39. Qb3+ Qc4 40. Qxc4+ Nxc4 41. Ne1 Nd2 42. f3 Nb1 43. Nc2 Nc3 44. Kf2 Nxa2 45. Nxa3 Nb4 46. Ke3 f6 1/2-1/2

[Event "Pervomaisky Autumn"]
[Site "Pervomaisky"]
[Date "2016.10.05"]
[Round "9"]
[White "Pogosian, Manvel"]
[Black "Abrosimov, Vladimir"]
[Result "1/2-1/2"]
[WhiteElo "2390"]
[BlackElo "2322"]
[PlyCount "108"]
[EventDate "2016.09.30"]
[EventType "tourn"]
[EventRounds "13"]
[EventCountry "RUS"]
[EventCategory "3"]
[SourceTitle "EXT 2017"]
[Source "ChessBase"]
[SourceDate "2016.10.25"]
[SourceVersion "1"]
[SourceVersionDate "2016.10.25"]
[SourceQuality "1"]

1. d4 Nf6 2. c4 e6 3. Nc3 Bb4 4. e3 0-0 5. Bd3 d5 6. Nf3 c5 7. 0-0 Nc6 8. a3 Bxc3 9. bxc3 dxc4 10. Bxc4 Qc7 11. Bd3 e5 12. Qc2 Re8 13. e4 c4 14. Bxc4 exd4 15. cxd4 Na5 16. Bd3 Qxc2 17. Bxc2 Nxe4 18. Re1 Bf5 19. Bf4 Nd6 20. Bxd6 Bxc2 21. Rac1 Rxe1+ 22. Rxe1 Nc4 23. Rc1 Nxd6 24. Rxc2 Rc8 25. Rxc8+ Nxc8 26. Kf1 f6 27. Ke2 Kf7 28. Kd3 Ke6 29. a4 Nb6 30. a5 Nd5 31. Kc4 Kd6 32. Nd2 b6 33. axb6 Nxb6+ 34. Kc3 f5 35. Nf3 Nd5+ 36. Kc4 Nf6 37. d5 Nxd5 38. Nd4 g6 39. Nb5+ Ke5 40. Nxa7 Nf4 41. g3 Nh3 42. f3 h5 43. Kc5 f4 44. Nc6+ Kf5 45. Nd4+ Ke5 46. Nc6+ Kf5 47. Nd4+ Kg5 48. Kd6 fxg3 49. hxg3 Ng1 50. Ke5 Nxf3+ 51. Nxf3+ Kg4 52. Nh4 Kxg3 53. Nxg6 h4 54. Nxh4 Kxh4 1/2-1/2

[Event "Pervomaisky Autumn"]
[Site "Pervomaisky"]
[Date "2016.10.04"]
[Round "7"]
[White "Tishin, Petr"]
[Black "Abrosimov, Vladimir"]
[Result "1/2-1/2"]
[WhiteElo "2427"]
[BlackElo "2322"]
[PlyCount "43"]
[EventDate "2016.09.30"]
[EventType "tourn"]
[EventRounds "13"]
[EventCountry "RUS"]
[EventCategory "3"]
[SourceTitle "EXT 2017"]
[Source "ChessBase"]
[SourceDate "2016.10.25"]
[SourceVersion "1"]
[SourceVersionDate "2016.10.25"]
[SourceQuality "1"]

1. d4 d5 2. c4 e6 3. Nc3 Nf6 4. Nf3 Be7 5. Bg5 0-0 6. e3 h6 7. Bh4 Ne4 8. Bxe7 Qxe7 9. Qc2 Nxc3 10. Qxc3 dxc4 11. Bxc4 c5 12. dxc5 Qxc5 13. b4 Qe7 14. 0-0 b6 15. Ne5 Bb7 16. Rac1 Rc8 17. b5 Rc5 18. Nd3 Rc8 19. Ne5 Rc5 20. Nd3 Rc8 21. Ne5 Rc5 22. Nd3 1/2-1/2